<?xml version="1.0" encoding="UTF-8"?>
<record
    xmlns:xsi="http://www.w3.org/2001/XMLSchema-instance"
    xsi:schemaLocation="http://www.loc.gov/MARC21/slim http://www.loc.gov/standards/marcxml/schema/MARC21slim.xsd"
    xmlns="http://www.loc.gov/MARC21/slim">

  <leader>01007nam a2200253 a 4500</leader>
  <controlfield tag="001">000015438</controlfield>
  <controlfield tag="005">20200929164036.0</controlfield>
  <controlfield tag="008">880405s1985    sp a     c   f001 0 spa  </controlfield>
  <datafield tag="010" ind1=" " ind2=" ">
    <subfield code="a">88127461</subfield>
  </datafield>
  <datafield tag="020" ind1=" " ind2=" ">
    <subfield code="a">8474333903</subfield>
  </datafield>
  <datafield tag="040" ind1=" " ind2=" ">
    <subfield code="a">DO-SdBNP</subfield>
    <subfield code="c">DLC</subfield>
    <subfield code="d">DLC</subfield>
  </datafield>
  <datafield tag="043" ind1=" " ind2=" ">
    <subfield code="a">e-sp---</subfield>
  </datafield>
  <datafield tag="050" ind1="0" ind2="0">
    <subfield code="a">TC87</subfield>
    <subfield code="b">.P57 1985</subfield>
  </datafield>
  <datafield tag="245" ind1="0" ind2="0">
    <subfield code="a">Planos historicos de obras hidraulicas.</subfield>
  </datafield>
  <datafield tag="260" ind1=" " ind2=" ">
    <subfield code="a">[Madrid] :</subfield>
    <subfield code="b">Ministerio de Obras Publicas y Urbanismo, Comision de Estudios Historicos de Obras Publicas y Urbanismo,</subfield>
    <subfield code="c">[1985?].</subfield>
  </datafield>
  <datafield tag="300" ind1=" " ind2=" ">
    <subfield code="a">398 p. :</subfield>
    <subfield code="b">col. ill. ;</subfield>
    <subfield code="c">26 x 32 cm.</subfield>
  </datafield>
  <datafield tag="490" ind1="1" ind2=" ">
    <subfield code="a">Biblioteca de la CEHOPU ;</subfield>
    <subfield code="v">no. 10</subfield>
  </datafield>
  <datafield tag="500" ind1=" " ind2=" ">
    <subfield code="a">Includes indexes.</subfield>
  </datafield>
  <datafield tag="650" ind1=" " ind2="0">
    <subfield code="a">Hydraulic structures</subfield>
    <subfield code="z">Spain</subfield>
    <subfield code="x">Drawings</subfield>
    <subfield code="x">Catalogs.</subfield>
    <subfield code="9">34852</subfield>
  </datafield>
  <datafield tag="610" ind1="1" ind2="0">
    <subfield code="a">Spain.</subfield>
    <subfield code="b">Ministerio de Obras Publicas y Urbanismo.</subfield>
    <subfield code="b">Archivo General</subfield>
    <subfield code="x">Catalogs.</subfield>
    <subfield code="9">34853</subfield>
  </datafield>
  <datafield tag="710" ind1="2" ind2=" ">
    <subfield code="a">Comision de Estudios Historicos de Obras Publicas y Urbanismo (Madrid, Spain)</subfield>
    <subfield code="9">34854</subfield>
  </datafield>
  <datafield tag="830" ind1=" " ind2="0">
    <subfield code="a">Biblioteca CEHOPU ;</subfield>
    <subfield code="v">no. 10.</subfield>
    <subfield code="9">19189</subfield>
  </datafield>
  <datafield tag="910" ind1=" " ind2=" ">
    <subfield code="a">Catalogaci&#xF3;n por copia / LC</subfield>
  </datafield>
  <datafield tag="999" ind1=" " ind2=" ">
    <subfield code="c">14995</subfield>
    <subfield code="d">14995</subfield>
  </datafield>
</record>
